000
00295nam a2200133Ia 4500
100
_a
Oravetz/j (Audels)
650
_a
Electrical Engineering
942
_c
BK
654
_a
Engineering
245
_a
Draniage
260
_b
D.B. Tarapore vala
_a
Bombay
_c
1976
082
_a
696
546
_a
ENGLISH
999
_c
30399
_d
30399